Optical and infrared telescopes for the 1990s (Record no. 6520)

MARC details
000 -LEADER
fixed length control field 00575nam a2200169Ia 4500
003 - CONTROL NUMBER IDENTIFIER
control field IN-BaIIA
008 - FIXED-LENGTH DATA ELEMENTS--GENERAL INFORMATION
fixed length control field 211028s9999 xx 000 0 eng d
040 ## - CATALOGING SOURCE
Transcribing agency IIA Library
080 ## - UNIVERSAL DECIMAL CLASSIFICATION NUMBER
Universal Decimal Classification number 520.8(082.2)
Item number OPT-2
245 #0 - TITLE STATEMENT
Title Optical and infrared telescopes for the 1990s
Statement of responsibility, etc. edited by A. Hewitt
260 ## - PUBLICATION, DISTRIBUTION, ETC.
Place of publication, distribution, etc. Arizona
Name of publisher, distributor, etc. Kitt Peak National Observatory
Date of publication, distribution, etc. 1980
300 ## - PHYSICAL DESCRIPTION
Extent ix, 616-1194p.
650 ## - SUBJECT ADDED ENTRY--TOPICAL TERM
Topical term or geographic name entry element Astronomical Instrumentation
9 (RLIN) 3629
650 ## - SUBJECT ADDED ENTRY--TOPICAL TERM
Topical term or geographic name entry element Astronomy and Astrophysics Thesaurus
700 ## - ADDED ENTRY--PERSONAL NAME
Personal name Hewitt, A., ed.
9 (RLIN) 11163
942 ## - ADDED ENTRY ELEMENTS (KOHA)
Koha item type Books
Holdings
Withdrawn status Lost status Damaged status Not for loan Home library Current library Shelving location Date acquired Total Checkouts Full call number Barcode Date last seen Price effective from Koha item type
        IIA Library-Bangalore IIA Library-Bangalore General Stacks 23/07/1980   520.8(082.2)/ OPT-2 7253 05/11/2021 23/07/1980 Books

Powered by Koha